LEADER 01544nam0 22003733i 450 001 VAN00286123 005 20251119023854.82 017 70$2N$a9783319394688 100 $a20250204d2016 |0itac50 ba 101 $aeng 102 $aCH 105 $a|||| ||||| 181 $ai$b e 182 $ab 183 $acr 200 1 $aEvolution of the Protein Synthesis Machinery and Its Regulation$feditors Greco Hernández, Rosemary Jagus 210 $aCham$cSpringer$d2016 215 $aIX, 564 p.$cill.$d24 cm 620 $aCH$dCham$3VANL001889 676 $a572.6$cProteine$v22 676 $a571.6$cBiologia cellulare$v22 676 $a572.5672$cBiochimica delle piante$v22 676 $a578.01$cTassonomia$v22 702 1$aHernández$bGreco$3VANV240106 702 1$aJagus$bRosemary$3VANV240107 712 $aSpringer $3VANV108073$4650 801 $aIT$bSOL$c20251121$gRICA 856 4 $uhttps://link.springer.com/book/10.1007/978-3-319-39468-8$zE-book - Accesso al full-text attraverso riconoscimento IP di Ateneo, proxy e/o Shibboleth 899 $aBIBLIOTECA DEL DIPARTIMENTO DI SCIENZE E TECNOLOGIE AMBIENTALI BIOLOGICHE E FARMACEUTICHE$1IT-CE0101$2VAN17 912 $fN 912 $aVAN00286123 950 $aBIBLIOTECA DEL DIPARTIMENTO DI SCIENZE E TECNOLOGIE AMBIENTALI BIOLOGICHE E FARMACEUTICHE$d17CONS e-book 177 $e17BIB177/200 200 20250204 996 $aEvolution of the Protein Synthesis Machinery and Its Regulation$92527119 997 $aUNICAMPANIA